header

Beginning T-SQL with Microsoft SQL Server 2005 and 2008 (Record no. 20844)

MARC details
000 -LEADER
fixed length control field 01270nam a2200325Ia 4500
100 1# - MAIN ENTRY--AUTHOR NAME
Personal name Turley, Paul,
245 10 - TITLE STATEMENT
Title Beginning T-SQL with Microsoft SQL Server 2005 and 2008
260 ## - PUBLICATION, DISTRIBUTION, ETC. (IMPRINT)
Place of publication Indianapolis, Ind. :
Name of publisher Wiley Publishing, Inc.,
Year of publication c2009.
300 ## - PHYSICAL DESCRIPTION
Number of Pages xxiv, 647 p. :
Other physical details ill.
500 ## - GENERAL NOTE
General note Includes index.
650 #0 - SUBJECT ADDED ENTRY--TOPICAL TERM
Topical Term Client/server computing.
Topical Term Database management.
Topical Term SQL (Computer program language)
700 1# - ADDED ENTRY--PERSONAL NAME
Personal name Norton, David.
Personal name Wood, Dan,
856 40 - ELECTRONIC LOCATION AND ACCESS
Uniform Resource Identifier http://site.ebrary.com/lib/rucke/Doc?id=10275694

No items available.

© 2026 Rongo University
Contact us: librarian | system librarian | Rongo university